Chockolate sauce : (Record no. 4686)

MARC details
000 -LEADER
fixed length control field 00391nam a2200145 4500
001 - CONTROL NUMBER
control field 5565
005 - DATE AND TIME OF LATEST TRANSACTION
control field 20181127175756.0
020 00 - INTERNATIONAL STANDARD BOOK NUMBER
International Standard Book Number 9788183520782
090 00 - LOCALLY ASSIGNED LC-TYPE CALL NUMBER (OCLC); LOCAL CALL NUMBER (RLIN)
Classification number (OCLC) (R) ; Classification number, CALL (RLIN) (NR) FIC V126c
100 00 - MAIN ENTRY--PERSONAL NAME
Personal name Vageria, Arpit, 1988-
245 00 - TITLE STATEMENT
Title Chockolate sauce :
Remainder of title smooth, dark, sinful /
Statement of responsibility, etc. Arpit Vageria.
Medium
260 00 - PUBLICATION, DISTRIBUTION, ETC.
Place of publication, distribution, etc. New Delhi :
Name of publisher, distributor, etc. Mahaveer Publisher,
Date of publication, distribution, etc. 2013.
300 00 - PHYSICAL DESCRIPTION
Extent 267 p. ;25 cm
650 00 - SUBJECT ADDED ENTRY--TOPICAL TERM
Topical term or geographic name entry element Romance fiction.
General subdivision
Holdings
Withdrawn status Lost status Source of classification or shelving scheme Damaged status Not for loan Collection code Home library Current library Shelving location Date acquired Serial Enumeration / chronology Inventory number Total Checkouts Total Renewals Full call number Barcode Date last seen Date last checked out Price effective from Koha item type
    Dewey Decimal Classification     Fiction RTC Library RTC Library Fiction 24/09/2021 8915 1 1 FIC 813.54 VAG 30009009 04/09/2022 26/08/2022 27/11/2018 Fiction
Royal Thimphu College || All Right Reserved